000 00782nam a2200229 a 4500
001 BRCA_7467
005 20190320205840.0
008 180413s1890----mx-ac#####---#000-0#spa-#
041 _aspa
044 _amx
050 4 _aN4803
_b.G63 1890
100 1 _aGodoy, Jose F.
_918384
245 1 0 _aMéxico en París
_breseña de la participación de la República Mexicana en la exposición universal de París en 1889
_cpor Jose F. Godoy.
260 _aMéxico
_bTip. de A. E. Lopez ; Tip. de Jose F. Godoy
_c1888-1890
300 _a296 p.
_bil., láminas, retratos
500 _aQ225
611 2 4 _aExposition Universelle Internationale
_d1889
_cParís
_918385
650 1 4 _aArte
_vExposiciones
_96285
650 1 4 _aArte mexicano
_vExposiciones
_918386
902 _aGFM
942 _2lcc
_cB
999 _c7143
_d7143